Central Library OPAC University of Rajshahi

স্বাধীন বঙ্গভূমি গঠনের পরিকল্পনা : (Record no. 55743)

MARC details
000 -LEADER
fixed length control field 00855nam a2200217 a 4500
001 - CONTROL NUMBER
control field 55743
003 - CONTROL NUMBER IDENTIFIER
rucl marc code BD-RjUL
005 - DATE AND TIME OF LATEST TRANSACTION
control field 20211209080316.0
008 - FIXED-LENGTH DATA ELEMENTS--GENERAL INFORMATION
fixed length control field 161121s1975 ii ||||| |||| 00| 0 ben d
035 ## - SYSTEM CONTROL NUMBER
System control number (BD-RjUL)55867
040 ## - CATALOGING SOURCE
Original cataloging agency BD-RjUL
Language of cataloging ben
Transcribing agency BD-RjUL
Modifying agency BD-RjUL
041 ## - LANGUAGE CODE
Language code of text/sound track or separate title ben
082 ## - DEWEY DECIMAL CLASSIFICATION NUMBER
Edition number 23
Classification number 954.92
Author mark and year DES 1975
100 ## - MAIN ENTRY--PERSONAL NAME
Personal name দে, অমলেন্দু
9 (RLIN) 121806
245 10 - TITLE STATEMENT
Title স্বাধীন বঙ্গভূমি গঠনের পরিকল্পনা :
Remainder of title প্রয়াস ও পরিণতি /
Statement of responsibility, etc. অমলেন্দু দে
260 ## - PUBLICATION, DISTRIBUTION, ETC. (IMPRINT)
Place of publication, distribution, etc. কলিকাতা :
Name of publisher, distributor, etc. রত্না প্রকাশন,
Date of publication, distribution, etc. ১৯৭৫.
300 ## - PHYSICAL DESCRIPTION
Pagination [৮], ১৫০ পৃ. ;
Size ২২ সেমি.
651 ## - SUBJECT ADDED ENTRY--GEOGRAPHIC NAME
Geographic name বাংলাদেশ
Form subdivision ইতিহাস
9 (RLIN) 166004
Geographic name Bangladesh
Form subdivision History
9 (RLIN) 166005
942 ## - ADDED ENTRY ELEMENTS (KOHA)
Source of classification or shelving scheme Dewey Decimal Classification
Koha item type Books
Holdings
Lost status Source of classification or shelving scheme Damaged status Not for loan Collection code Permanent Location Current Location Shelving location Date acquired Source of acquisition Cost, normal purchase price Total Checkouts Full call number Date last seen Date checked out Copy number Koha item type
  Dewey Decimal Classification     Non-fiction Central Library, University of Rajshahi Central Library, University of Rajshahi   27/11/1978 India International, kolikata. 20.00 1 B 954.92 DES 1975 23/08/2021 23/08/2021 C-2 Books
  Dewey Decimal Classification   Not For Loan Non-fiction Central Library, University of Rajshahi Central Library, University of Rajshahi Reading Room 27/11/1978 India International, kolikata. 20.00   B 954.92 DES 1975 02/05/2017   C-1 Books